[Event "Steinfurt Bezirksliga 0607"]
[Site "Germany"]
[Date "2006.11.04"]
[Round "3.5"]
[White "Giller, Gerd"]
[Black "Loekener, Thomas"]
[Result "1/2-1/2"]
[WhiteElo "1480"]
[BlackElo "1718"]
[PlyCount "50"]
[EventDate "2006.09.09"]
[EventType "team-tourn"]
[EventRounds "9"]
[EventCountry "GER"]
[SourceTitle "EXT 2008"]
[Source "ChessBase"]
[SourceDate "2007.11.25"]
[SourceVersion "1"]
[SourceVersionDate "2007.11.25"]
[SourceQuality "1"]
[WhiteTeam "Rheine CC"]
[BlackTeam "Saerbeck II"]
[WhiteTeamCountry "GER"]
[BlackTeamCountry "GER"]

1. d4 Nf6 2. Nf3 d5 3. e3 g6 4. Be2 Bg7 5. 0-0 0-0 6. Nbd2 c6 7. c4 Nbd7 8. b3 Re8 9. Bb2 b6 10. Rc1 Bb7 11. a3 Rc8 12. b4 e6 13. Bd3 c5 14. Re1 Ne4 15. Be2 Qe7 16. Qb3 cxd4 17. Nxe4 dxe4 18. Nxd4 e5 19. Nb5 a6 20. Nc3 Qe6 21. Qa2 Kh8 22. Red1 Red8 23. Nd5 Nf6 24. Nc3 h5 25. Qb1 Kh7 1/2-1/2

[Event "Steinfurt Bezirksklasse 0405"]
[Site "Germany"]
[Date "2005.05.28"]
[Round "11.3"]
[White "Giller, Gerd"]
[Black "Roos, Bastian"]
[Result "1/2-1/2"]
[WhiteElo "1537"]
[BlackElo "1232"]
[PlyCount "37"]
[EventDate "2004.09.18"]
[EventType "team-tourn"]
[EventRounds "11"]
[EventCountry "GER"]
[SourceTitle "EXT 2006"]
[Source "ChessBase"]
[SourceDate "2005.11.24"]
[SourceVersion "1"]
[SourceVersionDate "2005.11.24"]
[SourceQuality "1"]
[WhiteTeam "Rheine CC"]
[BlackTeam "Saerbeck IV"]
[WhiteTeamCountry "GER"]
[BlackTeamCountry "GER"]

1. d4 d5 2. Nf3 Bf5 3. e3 Nf6 4. Be2 e6 5. 0-0 Bd6 6. Nbd2 c6 7. c4 dxc4 8. Nxc4 0-0 9. Nxd6 Qxd6 10. Qb3 Qc7 11. Bd2 Nbd7 12. Rac1 Ne4 13. Bb4 Rfd8 14. Rfd1 a5 15. Be1 Bg4 16. h3 Bxf3 17. Bxf3 Ng5 18. Be2 Nf6 19. Qc2 1/2-1/2

[Event "Steinfurt Bezirksklasse 0405"]
[Site "Germany"]
[Date "2005.05.07"]
[Round "10.3"]
[White "Koelking, Helmut"]
[Black "Giller, Gerd"]
[Result "1/2-1/2"]
[WhiteElo "1449"]
[BlackElo "1537"]
[PlyCount "62"]
[EventDate "2004.09.18"]
[EventType "team-tourn"]
[EventRounds "11"]
[EventCountry "GER"]
[SourceTitle "EXT 2006"]
[Source "ChessBase"]
[SourceDate "2005.11.24"]
[SourceVersion "1"]
[SourceVersionDate "2005.11.24"]
[SourceQuality "1"]
[WhiteTeam "Steinfurt III"]
[BlackTeam "Rheine CC"]
[WhiteTeamCountry "GER"]
[BlackTeamCountry "GER"]

1. f4 d5 2. b3 Bf5 3. Bb2 e6 4. Nf3 h6 5. g3 Nf6 6. Bg2 Be7 7. e3 Nbd7 8. Nc3 0-0 9. 0-0 c5 10. d4 Rc8 11. Ne2 b5 12. c3 Qb6 13. dxc5 Nxc5 14. Ne5 Rfd8 15. Nd4 Bh7 16. b4 Na4 17. Qd2 Ne8 18. f5 exf5 19. Nxf5 Bxf5 20. Rxf5 Nxb2 21. Qxb2 Qxe3+ 22. Kh1 Bf6 23. Ng4 Bxc3 24. Nxe3 Bxb2 25. Rd1 d4 26. Nd5 Kf8 27. Rdf1 f6 28. Nf4 Nc7 29. Re1 a6 30. Ng6+ Kf7 31. Ne5+ Kg8 1/2-1/2

[Event "Steinfurt Bezirksklasse 0304"]
[Site "Germany"]
[Date "2004.05.29"]
[Round "11.8"]
[White "Giller, Gerd"]
[Black "Mustafa, Riad"]
[Result "1-0"]
[WhiteElo "1583"]
[BlackElo "1174"]
[PlyCount "79"]
[EventDate "2003.09.27"]
[EventType "team-tourn"]
[EventRounds "11"]
[EventCountry "GER"]
[SourceTitle "EXT 2005"]
[Source "ChessBase"]
[SourceDate "2004.11.15"]
[SourceVersion "1"]
[SourceVersionDate "2004.11.15"]
[SourceQuality "1"]
[WhiteTeam "Rheine CC"]
[BlackTeam "Steinfurt IV"]
[WhiteTeamCountry "GER"]
[BlackTeamCountry "GER"]

1. d4 g6 2. Nf3 Bg7 3. g3 d6 4. Bg2 Nf6 5. 0-0 Bf5 6. Nh4 Bc8 7. c4 c6 8. Nc3 0-0 9. Re1 Qb6 10. b3 Nh5 11. e3 Qd8 12. Bb2 Bf6 13. Nf3 Bg7 14. Qc2 Na6 15. a3 Nc7 16. Rad1 f5 17. Rd2 e6 18. Rc1 g5 19. Qd1 g4 20. Ne1 Nf6 21. b4 h5 22. e4 Bh6 23. f4 gxf3 24. Bxf3 Bxd2 25. Qxd2 Qe7 26. Ng2 Qg7 27. exf5 exf5 28. d5 Bd7 29. Ne2 cxd5 30. cxd5 Nb5 31. a4 a6 32. axb5 axb5 33. Ngf4 Qh6 34. Rc7 Rf7 35. Bxf6 Qxf6 36. Nxh5 Qa1+ 37. Kf2 Qh8 38. Qf4 Ra2 39. Qg5+ Kh7 40. Rxd7 1-0

[Event "Steinfurt Bezirksklasse 0304"]
[Site "Germany"]
[Date "2004.01.10"]
[Round "5.8"]
[White "Giller, Gerd"]
[Black "Fredrich, Bjoern"]
[Result "1/2-1/2"]
[WhiteElo "1583"]
[BlackElo "1106"]
[PlyCount "33"]
[EventDate "2003.09.27"]
[EventType "team-tourn"]
[EventRounds "11"]
[EventCountry "GER"]
[SourceTitle "EXT 2005"]
[Source "ChessBase"]
[SourceDate "2004.11.15"]
[SourceVersion "1"]
[SourceVersionDate "2004.11.15"]
[SourceQuality "1"]
[WhiteTeam "Rheine CC"]
[BlackTeam "Emsdetten Rochade IV"]
[WhiteTeamCountry "GER"]
[BlackTeamCountry "GER"]

1. d4 d5 2. Nf3 Nc6 3. e3 Nf6 4. Be2 Bf5 5. 0-0 Qd7 6. Bd2 Ne4 7. c4 e6 8. Nc3 Be7 9. Rc1 0-0 10. a3 a5 11. cxd5 exd5 12. Bb5 Qe6 13. Ne2 Rab8 14. Nf4 Qd7 15. Ne5 Qd6 16. Nf3 Bf6 17. Be1 1/2-1/2